Normal view
MARC view
- Gusain, V
Entry Personal Name
001 - CONTROL NUMBER
- control field: 6326
003 - CONTROL NUMBER IDENTIFIER
- control field: OSt
005 - DATE AND TIME OF LATEST TRANSACTION
- control field: 20180215131924.0
008 - FIXED-LENGTH DATA ELEMENTS
- fixed length control field: 180215|| aca||aabn | a|a d
040 ## - CATALOGING SOURCE
- Original cataloging agency: OSt
- Transcribing agency: OSt
100 ## - HEADING--PERSONAL NAME
- Personal name: Gusain, V
670 ## - SOURCE DATA FOUND
- Source citation: Work cat.: (OSt): Gusain, V, Computer world class -III, 2012